00472nam a2200193 a 4500001001300000003000900013005001700022008004100039020001000080082001300090100002100103245001700124260004200141300000900183500003500192505001400227650001600241700002100257nice12345678IN_TiNIC20260116011401.0050524s1916 alla grp 000 0 urd  ac10000a239bISM aIsmail, Mohammad aKhan-E-Aqal. aAllahabadbMatbua Mission Pressc1916 a136p aincludes index and biblioraphy2 areference aApologetics1 aIsmail, Mohammad